000 00625cam a2200193 a 4500
001 000005008
005 20200929151546.0
008 900131s2001 ve 001 p spa
040 _aDO-SdBNP
_cTxU
_dDLC
082 _aV861.5
_bP181r
100 1 _aPalomares, Ramón,
_d1935-
_97568
245 1 3 _aEl reino /
_cRamón Palomares ; prólogo, Víctor Bravo.
260 _aCaracas :
_bMonte Ávila Editores Latinoamericana,
_c2001.
300 _a114 p. ;
_c16 cm.
650 4 _aPoesía venezolana
_94230
650 4 _aLiteratura venezolana
_93816
700 1 _aBravo, Víctor,
_epról.
_913457
910 _aCatalogación por copia / LC
999 _c4814
_d4814